000 01013nam a2200265 a 4500
001 000035693
005 20240520120737.0
008 111108s2011 dr abd r 000 0 spa d
040 _aDO-SdBNP
_bspa
_cBNPHU
082 _a341.22
_bB642m
100 1 _aBlandino, Pedro
_961621
245 1 0 _aManual de organismos internacionales /
_cPedro Blandino.
260 _aSanto Domingo :
_bSomos Artes Gráficas,
_c2011.
300 _a311 p. :
_bil., gráfcs., mapas ;
_c23 cm.
500 _aIncluye datos biográficos del autor en la solapa de la cubierta.
504 _aIncluye referencias bibliográficas y notas al pie de páginas.
504 _aBibliografía : p. 310-311.
590 _aInventariado, 2018/BT
650 0 _aOrganismos internacionales
_930389
650 4 _aOrganizaciones intergubernamentales
_961622
650 4 _aOrganizaciones regionales
_961623
650 4 _aSistema de las naciones unidas
_961624
650 0 _aCooperación internacional
_91240
910 _aValidado. Control de calidad. EMS
999 _c35184
_d35184